000 00218 a2200097 4500
001 32961
100 _aHaines,R.W
245 _aHVAC Systems Design Handbook
260 _aNY
_bMcGraw-Hill
_c2003
090 _c22117
_d22117
942 _aNUST-CAE
_cM
_c13467
999 _c268034
_d268034